[Event "FRA-chT2D 0506"]
[Site "France"]
[Date "2006.04.01"]
[Round "10.8"]
[White "Damboise, Pierre Olivier"]
[Black "Schad, Nicole"]
[Result "1-0"]
[WhiteElo "1935"]
[BlackElo "1660"]
[PlyCount "63"]
[EventDate "2005.10.27"]
[EventType "team-tourn"]
[EventRounds "11"]
[EventCountry "FRA"]
[SourceTitle "EXT 2006"]
[Source "ChessBase"]
[SourceDate "2005.11.24"]
[SourceVersion "1"]
[SourceVersionDate "2005.11.24"]
[SourceQuality "1"]
[WhiteTeam "Montrevel en Bresse"]
[BlackTeam "Bischwiller"]
[WhiteTeamCountry "FRA"]
[BlackTeamCountry "FRA"]

1. e4 e5 2. Nf3 Nc6 3. Bb5 a6 4. Ba4 d6 5. c3 Nf6 6. 0-0 Be7 7. Re1 b5 8. Bc2 0-0 9. d3 Bb7 10. Nbd2 Nb8 11. h3 Nbd7 12. Nf1 Re8 13. Ne3 g6 14. Nh2 Bf8 15. Nhg4 Bg7 16. Bd2 Rc8 17. a4 c6 18. axb5 axb5 19. Qf3 d5 20. Nf1 Qc7 21. Nfh2 dxe4 22. dxe4 Qd6 23. Red1 Qe6 24. Nh6+ Kf8 25. Ra7 Ba8 26. N2g4 Bxh6 27. Bxh6+ Kg8 28. Rdxd7 Nxd7 29. Rxd7 Re7 30. Qf6 Qxf6 31. Nxf6+ Kh8 32. Rxe7 1-0

[Event "FRA-ch U12 Girls"]
[Site "Aix les Bains"]
[Date "2006.??.??"]
[Round "6"]
[White "Schad, Nicole"]
[Black "Bogen, Fanny"]
[Result "1-0"]
[WhiteElo "1660"]
[BlackElo "1580"]
[PlyCount "159"]
[EventDate "2006.04.16"]
[EventType "swiss"]
[EventRounds "9"]
[EventCountry "FRA"]
[SourceTitle "EXT 2007"]
[Source "ChessBase"]
[SourceDate "2006.11.23"]
[SourceVersion "1"]
[SourceVersionDate "2006.11.23"]
[SourceQuality "1"]

1. e4 e5 2. Nf3 Nc6 3. Bc4 Bc5 4. c3 Nf6 5. d4 exd4 6. cxd4 Bb4+ 7. Bd2 Bxd2+ 8. Nbxd2 d5 9. exd5 Nxd5 10. Qb3 Na5 11. Qa4+ Nc6 12. Bb5 Bd7 13. 0-0 0-0 14. Rfe1 a6 15. Bxc6 Bxc6 16. Qb3 Qd7 17. Ne5 Qf5 18. Nxc6 bxc6 19. Qc4 Qg6 20. Ne4 Rfe8 21. Ng3 Rab8 22. Rxe8+ Rxe8 23. Qxa6 Nf4 24. Qc4 h5 25. h4 Qg4 26. Qxc6 Rc8 27. Re1 Kf8 28. Qc5+ Kg8 29. Qg5 Qxg5 30. hxg5 h4 31. Nf5 Rd8 32. Re4 Nd3 33. Re2 g6 34. Nh6+ Kg7 35. Re7 Rxd4 36. Rxf7+ Kh8 37. Rxc7 Nxb2 38. Nf7+ Kg8 39. Ne5 Rd5 40. Nxg6 Rxg5 41. Nxh4 Ra5 42. Rd7 Nc4 43. Kh2 Rxa2 44. Kg3 Ra3+ 45. f3 Ne5 46. Re7 Nc6 47. Rc7 Ne5 48. Nf5 Ra4 49. Re7 Ng6 50. Rg7+ Kf8 51. Rxg6 Kf7 52. Rg4 Ra5 53. Kf4 Kf6 54. Ne3 Ra4+ 55. Kg3 Ra5 56. Kh4 Re5 57. Rf4+ Kg6 58. Ng4 Rh5+ 59. Kg3 Rg5 60. Ra4 Kg7 61. Ra6 Kf7 62. Kf4 Rb5 63. Ne5+ Kg7 64. g4 Kh7 65. Kf5 Kg7 66. Ra7+ Kg8 67. g5 Rb8 68. g6 Rf8+ 69. Ke6 Re8+ 70. Re7 Rxe7+ 71. Kxe7 Kg7 72. f4 Kh8 73. g7+ Kg8 74. f5 Kxg7 75. f6+ Kh6 76. f7 Kg5 77. f8Q Kh4 78. Qg7 Kh5 79. Qg6+ Kh4 80. Qg4# 1-0